75 años de jurisprudencia penal mexicana (Record no. 142155)

MARC details
000 -LEADER
fixed length control field 00762nam a22002057a 4500
005 - DATE AND TIME OF LATEST TRANSACTION
control field 20221104124335.0
008 - FIXED-LENGTH DATA ELEMENTS--GENERAL INFORMATION
fixed length control field 180626b1992 mx ||||| |||| 00| 0 spa d
020 ## - INTERNATIONAL STANDARD BOOK NUMBER
International Standard Book Number 9687212047
020 ## - INTERNATIONAL STANDARD BOOK NUMBER
International Standard Book Number 9687212039 (apéndice)
050 04 - LIBRARY OF CONGRESS CALL NUMBER
Classification number KGF5416
Item number C37 1992
100 1# - MAIN ENTRY--PERSONAL NAME
Personal name Castro Zavaleta, Salvador
Relator term autor
240 00 - UNIFORM TITLE
Uniform title Leyes y códigos.
245 10 - TITLE STATEMENT
Title 75 años de jurisprudencia penal mexicana
Remainder of title : 1917-1991 Suprema Corte de Justicia y Tribunales Colegiados de Circuito
Statement of responsibility, etc / Salvador Castro Zavaleta
250 ## - EDITION STATEMENT
Edition statement 1a ed.
260 ## - PUBLICATION, DISTRIBUTION, ETC. (IMPRINT)
Place of publication, distribution, etc México :
Name of publisher, distributor, etc Orlando Cardenas Editor,
Date of publication, distribution, etc c1992
300 ## - PHYSICAL DESCRIPTION
Extent 4 t. ;
Dimensions 24 cm.
650 #7 - SUBJECT ADDED ENTRY--TOPICAL TERM
Source of heading or term lemb
Topical term or geographic name as entry element Jurisprudencia penal
Geographic subdivision México
710 2# - ADDED ENTRY--CORPORATE NAME
Corporate name or jurisdiction name as entry element México.
Subordinate unit Suprema Corte de Justicia y Tribunales Colegiados de Circuito
942 ## - ADDED ENTRY ELEMENTS (KOHA)
Source of classification or shelving scheme Biblioteca del Cogreso de los Estados Unidos
Koha item type Libro
Holdings
Estado de pérdida Fuente de clasificación Estado del daño No para préstamo Ubicación permanente Ubicación actual Apartado o colección Fecha de adquisición Fuente de adquisición Edición Enumeración de Serie / Cronológica Dependencia de educación superior (DES) Área del conocimiento Clasificación Código de Barras Date last seen Número de copia Costo por reposición Tipo de recurso
  Biblioteca del Cogreso de los Estados Unidos     Biblioteca de la Facultad de Derecho y Ciencias Sociales "Felipe J. Tena" Biblioteca de la Facultad de Derecho y Ciencias Sociales "Felipe J. Tena" Consulta 26/06/2018 Unidad Académica 1a ed. T:1 Derecho Ciencias Sociales y Administrativas KGF5416 C37 1992 BFD000010434 26/06/2018 1 1.00 Libro
  Biblioteca del Cogreso de los Estados Unidos     Biblioteca de la Facultad de Derecho y Ciencias Sociales "Felipe J. Tena" Biblioteca de la Facultad de Derecho y Ciencias Sociales "Felipe J. Tena" Consulta 26/06/2018 Unidad Académica 1a ed. T:2 Derecho Ciencias Sociales y Administrativas KGF5416 C37 1992 BFD000010435 26/06/2018 1 1.00 Libro
  Biblioteca del Cogreso de los Estados Unidos     Biblioteca de la Facultad de Derecho y Ciencias Sociales "Felipe J. Tena" Biblioteca de la Facultad de Derecho y Ciencias Sociales "Felipe J. Tena" Consulta 26/06/2018 Unidad Académica 1a ed. T:3 Derecho Ciencias Sociales y Administrativas KGF5416 C37 1992 BFD000010436 26/06/2018 1 1.00 Libro
  Biblioteca del Cogreso de los Estados Unidos     Biblioteca de la Facultad de Derecho y Ciencias Sociales "Felipe J. Tena" Biblioteca de la Facultad de Derecho y Ciencias Sociales "Felipe J. Tena" Consulta 26/06/2018 Unidad Académica 1a ed. T:1 Apéndice   Ciencias Sociales y Administrativas KGF5416 C37 c1994 BFD000010437 26/06/2018 1 1.00 Libro